000 00494nam a2200181Ia 4500
005 20250508155212.0
008 008 250505s9999 xx 000 0 eng d
037 _aTextual
040 _aFEDL
_beng
_cFEDL
041 _aeng
_2eng
084 _a379.73, AME
_qFEDL
245 0 _aStudies: Government and educational organization
245 0 _cAmerican Council on Education
260 _c1937
300 _avi,44p.
942 _cTEXL
_h379.73, AME
999 _c1355175
_d1355175